<?xml version="1.0" encoding="UTF-8"?>
<collection xmlns="http://www.loc.gov/MARC21/slim">
 <record>
  <leader>06742nam a2200445 a 4500</leader>
  <controlfield tag="001">kal3730</controlfield>
  <controlfield tag="003">Gr-AtHEAL</controlfield>
  <controlfield tag="005">20160503230537.0</controlfield>
  <controlfield tag="006">m        d        </controlfield>
  <controlfield tag="008">160413s2015    gr      s           gre|c</controlfield>
  <datafield tag="020" ind1=" " ind2=" ">
   <subfield code="a">9789606031342</subfield>
  </datafield>
  <datafield tag="040" ind1=" " ind2=" ">
   <subfield code="a">GR-AtHEAL</subfield>
   <subfield code="b">gre</subfield>
   <subfield code="c">GR-AtHEAL</subfield>
  </datafield>
  <datafield tag="082" ind1="0" ind2="4">
   <subfield code="a">630.2515</subfield>
   <subfield code="2">23</subfield>
  </datafield>
  <datafield tag="100" ind1="1" ind2=" ">
   <subfield code="a">Δαλέζιος, Νικόλαος.</subfield>
   <subfield code="8">1249</subfield>
  </datafield>
  <datafield tag="245" ind1="1" ind2="0">
   <subfield code="a">Αγρομετεωρολογία: ανάλυση και προσομοίωση</subfield>
   <subfield code="h">[Ηλεκτρονικός πόρος] </subfield>
   <subfield code="b">Έμφαση σε ανάλυση, προσομοίωση, μεθοδολογίες, συστήματα και διαχείριση</subfield>
   <subfield code="c">Δαλέζιος, Νικόλαος ; Κριτικός αναγνώστης,Μελάς, Δημήτριος ; Κριτικός αναγνώστης,Νάστος, Παναγιώτης ; Γραφιστική επιμέλεια,Παπαδήμος, Σταμάτης ; Τεχνική επιμέλεια,Στεφοπούλου, Αγγελική ; Τεχνική επιμέλεια,Βλασταρίδης, Παναγιώτης ; Γλωσσική επιμέλεια,Ξιφαρά, Φωτεινή.</subfield>
  </datafield>
  <datafield tag="260" ind1=" " ind2=" ">
   <subfield code="a">Αθήνα :</subfield>
   <subfield code="b">Σύνδεσμος Ελληνικών Ακαδημαϊκών Βιβλιοθηκών,</subfield>
   <subfield code="c">c2015.</subfield>
  </datafield>
  <datafield tag="490" ind1=" " ind2=" ">
   <subfield code="a">Ακαδημαϊκά Ηλεκτρονικά Συγγράμματα και Βοηθήματα Κάλλιπος</subfield>
   <subfield code="8">40</subfield>
  </datafield>
  <datafield tag="520" ind1=" " ind2=" ">
   <subfield code="a">Το βιβλίο ΑΓΡΟΜΕΤΕΩΡΟΛΟΓΙΑ : ΑΝΑΛΥΣΗ ΚΑΙ ΠΡΟΣΟΜΟΙΩΣΗ απευθύνεται σε προπτυχιακούς και μεταπτυχιακούς φοιτητές Γεωπονικών ή Πολυτεχνικών Σχολών, ή/και Θετικών επιστημών, καθώς επίσης και σε ερευνητές και επαγγελματίες στους τομείς του αγροτικού περιβάλλοντος ευρύτερα και των αγροοικοσυστημάτων.Το προτεινόμενο βιβλίο επιχειρεί μία σύγχρονη, διεπιστημονική, πολυ-επίπεδη, πολλαπλής κλίμακας και επικαιροποιημένη προσέγγιση στην Αγρομετεωρολογία, που παρουσιάζει διαχρονικά μία πολύ σημαντική σταδιακή επιστημονική και τεχνολογική εξέλιξη και αυξανόμενη σημασία.Το βιβλίο δομείται σε 6 μέρη (ενότητες) ως ακολούθως:Το 1ο μέρος καλείται ΠΡΟΛΕΓΌΜΕΝΑ και περιλαμβάνει τo Κεφάλαιο 1, όπου περιγράφονται το αντικείμενο και οι βασικές έννοιες της αγρομετεωρολογίας.Το 2ο μέρος καλείται ΑΓΡΟΜΕΤΕΩΡΟΛΟΓΙΚΗ ΑΝΑΛΥΣΗ, όπου αναλύεται στα Κεφάλαια 2, 3 και 4 το εύρος των μετεωρολογικών μεταβλητών και παραμέτρων κυρίως στο οριακό στρώμα, που συνθέτουν τη σύγχρονη αγρομετεωρολογική ανάλυση.Το 3ο μέρος καλείται ΑΓΡΟΜΕΤΕΩΡΟΛΟΓΙΑ ΚΑΙ ΓΕΩΡΓΙΚΗ ΠΑΡΑΓΩΓΗ, όπου στα Κεφάλαια 5, 6 και 7, αναλύονται οι διεργασίες και σχέσεις μεταξύ αγρομετεωρολογίας και φυτικής, χερσαίας και υδρόβιας ζωικής παραγωγής, καθώς και εχθρών και ασθενειών ζώντων οργανισμών.Το 4ο μέρος καλείται ΑΓΡΟΜΕΤΕΩΡΟΛΟΓΙΚH ΠΡΟΣΟΜΟΙΩΣΗ ΚΑΙ ΣΥΣΤΗΜΑΤΑ, όπου στα Κεφάλαια 8, 9, 10 και 11, και με βάση το 2ο και 3ο μέρος, παρουσιάζονται και επεξηγούνται επικαιροποιημένες διαδικασίες, μεθοδολογίες αγρομετεωρολογικής προσομοίωσης και συστήματα.Το 5ο μέρος καλείται ΚΛΙΜΑ ΚΑΙ ΓΕΩΡΓΙΑ, περιλαμβάνει τα Κεφάλαια 12 και 13, όπου εξετάζεται η κλιματολογία από τη σκοπιά της γεωργίας, καθώς και επικαιροποιημένη προσέγγιση της κλιματικής μεταβλητότητας/αλλαγής στο τρίπτυχο επιπτώσεις-αντιμετώπιση-προσαρμογή.Το 6ο μέρος καλείται ΑΓΡΟΜΕΤΩΡΟΛΟΓΙΚΗ ΔΙΑΧΕΙΡΙΣΗ ΚΑΙ ΠΛΗΡΟΦΟΡΙΑ και περιλαμβάνει τα Κεφάλαια 14 και 15, όπου επιχειρείται σύνθεση των προηγούμενων κεφαλαίων σε θέματα σύγχρονων μεθόδων αγρομετεωρολογικής διαχείρισης και περεχόμενης πληροφορίας.</subfield>
  </datafield>
  <datafield tag="650" ind1=" " ind2="0">
   <subfield code="a">Meteorology, Agricultural.</subfield>
   <subfield code="8">2735</subfield>
  </datafield>
  <datafield tag="653" ind1=" " ind2=" ">
   <subfield code="a">Αγροφαινολογία</subfield>
  </datafield>
  <datafield tag="653" ind1=" " ind2=" ">
   <subfield code="a">Υδρομετεωρολογία</subfield>
  </datafield>
  <datafield tag="653" ind1=" " ind2=" ">
   <subfield code="a">Κλιματική μεταβλητότητα</subfield>
  </datafield>
  <datafield tag="653" ind1=" " ind2=" ">
   <subfield code="a">Αγροϋδρολογία</subfield>
  </datafield>
  <datafield tag="653" ind1=" " ind2=" ">
   <subfield code="a">Περιβαλλοντικοί κίνδυνοι</subfield>
  </datafield>
  <datafield tag="653" ind1=" " ind2=" ">
   <subfield code="a">Μικρομετεωρολογία</subfield>
  </datafield>
  <datafield tag="653" ind1=" " ind2=" ">
   <subfield code="a">Βιομετεωρολογία</subfield>
  </datafield>
  <datafield tag="653" ind1=" " ind2=" ">
   <subfield code="a">Αγροκλιματολογία</subfield>
  </datafield>
  <datafield tag="653" ind1=" " ind2=" ">
   <subfield code="a">Αγρομετεωρολογία</subfield>
  </datafield>
  <datafield tag="653" ind1=" " ind2=" ">
   <subfield code="a">Επιστήμες της γης</subfield>
   <subfield code="a">Μετεωρολογία</subfield>
   <subfield code="a">Δορυφορική μετεωρολογία</subfield>
  </datafield>
  <datafield tag="653" ind1=" " ind2=" ">
   <subfield code="a">Επιστήμες της γης</subfield>
   <subfield code="a">Μετεωρολογία</subfield>
   <subfield code="a">Μικρομετεωρολογία</subfield>
  </datafield>
  <datafield tag="653" ind1=" " ind2=" ">
   <subfield code="a">Επιστήμες της γης</subfield>
   <subfield code="a">Μετεωρολογία</subfield>
   <subfield code="a">Υδρομετεωρολογία</subfield>
  </datafield>
  <datafield tag="653" ind1=" " ind2=" ">
   <subfield code="a">Επιστήμες της γης</subfield>
   <subfield code="a">Κλιματολογία</subfield>
   <subfield code="a">Βιοκλιματολογία</subfield>
  </datafield>
  <datafield tag="653" ind1=" " ind2=" ">
   <subfield code="a">Επιστήμες της γης</subfield>
   <subfield code="a">Μετεωρολογία</subfield>
   <subfield code="a">Γεωργική Μετεωρολογία</subfield>
  </datafield>
  <datafield tag="700" ind1="1" ind2=" ">
   <subfield code="a">Μελάς, Δημήτριος</subfield>
   <subfield code="e">Κριτικός αναγνώστης</subfield>
   <subfield code="8">1250</subfield>
  </datafield>
  <datafield tag="700" ind1="1" ind2=" ">
   <subfield code="a">Νάστος, Παναγιώτης</subfield>
   <subfield code="e">Κριτικός αναγνώστης</subfield>
   <subfield code="8">1251</subfield>
  </datafield>
  <datafield tag="856" ind1="4" ind2="0">
   <subfield code="u">http://hdl.handle.net/11419/3730</subfield>
   <subfield code="z">Πλήρες Κείμενο - Full text</subfield>
  </datafield>
  <datafield tag="907" ind1=" " ind2=" ">
   <subfield code="a">.b25679521</subfield>
   <subfield code="b">12-06-18</subfield>
   <subfield code="c">29-07-16</subfield>
  </datafield>
  <datafield tag="949" ind1=" " ind2=" ">
   <subfield code="0">0</subfield>
   <subfield code="1">0</subfield>
   <subfield code="2">ddc</subfield>
   <subfield code="4">0</subfield>
   <subfield code="6">630_251500000000000_ΔΑΛ</subfield>
   <subfield code="7">0</subfield>
   <subfield code="8">KALL</subfield>
   <subfield code="8">711</subfield>
   <subfield code="d">2016-04-13</subfield>
   <subfield code="r">2016-04-13</subfield>
   <subfield code="w">2016-04-13</subfield>
   <subfield code="z">630.2515 ΔΑΛ</subfield>
   <subfield code="o">SEAB KALLIPOS</subfield>
  </datafield>
  <datafield tag="998" ind1=" " ind2=" ">
   <subfield code="a">80</subfield>
   <subfield code="a">01</subfield>
   <subfield code="a">02</subfield>
   <subfield code="a">03</subfield>
   <subfield code="a">04</subfield>
   <subfield code="a">05</subfield>
   <subfield code="a">07</subfield>
   <subfield code="a">08</subfield>
   <subfield code="a">09</subfield>
   <subfield code="a">10</subfield>
   <subfield code="a">11</subfield>
   <subfield code="a">12</subfield>
   <subfield code="a">13</subfield>
   <subfield code="a">14</subfield>
   <subfield code="a">15</subfield>
   <subfield code="a">16</subfield>
   <subfield code="a">17</subfield>
   <subfield code="a">18</subfield>
   <subfield code="a">19</subfield>
   <subfield code="a">20</subfield>
   <subfield code="a">21</subfield>
   <subfield code="a">22</subfield>
   <subfield code="a">23</subfield>
   <subfield code="a">24</subfield>
   <subfield code="a">25</subfield>
   <subfield code="a">26</subfield>
   <subfield code="b">16-05-17</subfield>
   <subfield code="c">m</subfield>
   <subfield code="d">z  </subfield>
   <subfield code="e">-</subfield>
   <subfield code="f">gre</subfield>
   <subfield code="g">gr </subfield>
   <subfield code="h">0</subfield>
  </datafield>
  <datafield tag="942" ind1=" " ind2=" ">
   <subfield code="2">ddc</subfield>
   <subfield code="c">KALLIPOS</subfield>
  </datafield>
 </record>
</collection>
